000 00396nam a2200181Ia 4500
003 IT-RoPAU
005 20220918175419.0
008 120407s9999 xx 000 0 und d
040 _aIT-RoPAU
040 _cIT-RoPAU
100 _aLuigi Della Torre
_934390
245 _aCorso di liturgia
250 _aBrescia
260 _aQueriniana
300 _c cm
490 _v1
942 _cBK
_2ddc
999 _c9950
_d9950